ইসললামের দৃষ্টিতে মানবতার বিরুদ্ধে অপরাধের বিচার / (Record no. 2551)

MARC details
000 -LEADER
fixed length control field 01107nam a2200241 a 4500
003 - CONTROL NUMBER IDENTIFIER
control field BD-DhJNU
005 - DATE AND TIME OF LATEST TRANSACTION
control field 20260121083628.0
008 - FIXED-LENGTH DATA ELEMENTS--GENERAL INFORMATION
fixed length control field 251108s2019 bg |||g |||| 000 1|ben|d
020 ## - INTERNATIONAL STANDARD BOOK NUMBER
International Standard Book Number 9789843462022
040 ## - CATALOGING SOURCE
Original cataloging agency BD-DhJNU
Language of cataloging ben
Transcribing agency BD-DhJNU
Modifying agency BD-DhJNU
041 ## - LANGUAGE CODE
Language code of text/sound track or separate title ben
082 ## - DEWEY DECIMAL CLASSIFICATION NUMBER
Classification number 297.14 ISI
Edition number 23
100 ## - MAIN ENTRY--PERSONAL NAME
Personal name ইসলাম, মোঃ নজরুল
245 10 - TITLE STATEMENT
Title ইসললামের দৃষ্টিতে মানবতার বিরুদ্ধে অপরাধের বিচার /
Statement of responsibility, etc. মোঃ নজরুল ইসলাম
246 ## - VARYING FORM OF TITLE
Title proper/short title Islamer drishtite manobotar biruddhe oparadher bichar
250 ## - EDITION STATEMENT
Edition statement 1st ed.
260 ## - PUBLICATION, DISTRIBUTION, ETC.
Place of publication, distribution, etc. ঢাকা :
Name of publisher, distributor, etc. জগন্নাথ বিশ্ববিদ্যালয়,
Date of publication, distribution, etc. 2019.
300 ## - PHYSICAL DESCRIPTION
Extent ২২২ পৃ. :
Other physical details চিত্র ;
Dimensions ২২ সেমি.।
504 ## - BIBLIOGRAPHY, ETC. NOTE
Bibliography, etc. note গ্রন্থপঞ্জিগত নির্দেশিকা ও নিঘন্ট অন্তভূক্ত
650 ## - SUBJECT ADDED ENTRY--TOPICAL TERM
Topical term or geographic name entry element মানবতার বিরুদ্ধে অপরাধ
650 ## - SUBJECT ADDED ENTRY--TOPICAL TERM
Topical term or geographic name entry element Crimes against humanity
942 ## - ADDED ENTRY ELEMENTS (KOHA)
Koha item type Books
Holdings
Withdrawn status Lost status Source of classification or shelving scheme Damaged status Not for loan Collection Home library Current library Shelving location Date acquired Source of acquisition Total checkouts Full call number Barcode Date last seen Copy number Price effective from Koha item type
    Dewey Decimal Classification     Non-fiction Jagannath University Central Library Jagannath University Central Library General stacks 01/21/2026 Purchased   297.14 ISI JNUCL33724 01/21/2026 1 01/21/2026 Books
    Dewey Decimal Classification     Non-fiction Jagannath University Central Library Jagannath University Central Library General stacks 01/21/2026 Purchased   297.14 ISI JNUCL33725 01/21/2026 2 01/21/2026 Books
    Dewey Decimal Classification     Non-fiction Jagannath University Central Library Jagannath University Central Library General stacks 01/21/2026 Purchased   297.14 ISI JNUCL33726 01/21/2026 3 01/21/2026 Books
    Dewey Decimal Classification     Non-fiction Jagannath University Central Library Jagannath University Central Library General stacks 01/21/2026 Purchased   297.14 ISI JNUCL33727 01/21/2026 4 01/21/2026 Books
    Dewey Decimal Classification     Non-fiction Jagannath University Central Library Jagannath University Central Library General stacks 01/21/2026 Purchased   297.14 ISI JNUCL33728 01/21/2026 5 01/21/2026 Books